Vista normal
Vista MARC
Entrada Topical Term
Número de registros utilizados en: 1
001 - CONTROL NUMBER
- control field: 40230
003 - CONTROL NUMBER IDENTIFIER
- control field: OSt
005 - DATE AND TIME OF LATEST TRANSACTION
- control field: 20210910102655.0
008 - FIXED-LENGTH DATA ELEMENTS
- fixed length control field: 210910|| aca||aabn | a|a d
040 ## - CATALOGING SOURCE
- Original cataloging agency: OSt
- Transcribing agency: OSt
150 ## - HEADING--TOPICAL TERM
- Topical term or geographic name entry element: Situación mundial
- Form subdivision: Petróleo
670 ## - SOURCE DATA FOUND
- Source citation: Work cat.: (OSt)12441: Hernández R., Luis H. (Luis Humberto Hernández Riveros) autor 40229, Colombia, petróleo y política :, 2005.